000 00643nam a2200145 a 4500
008 110615s2010 ||||||||||||||||| || u
020 _a9789211514773
050 _aUN-ESA(02)
110 _aUnited Nations Economic and Social Affairs (UNESA)
245 1 0 _aGuidelines for improving data on child adoption
_cUnited Nations Economic & Social Affairs
260 _aNew York
_bUnited Nations-Economic & Social Affairs(UN-ESA)
_c2010
300 _aiii,19p. ;ill.
350 _a0.00
995 _D0.00
_FCBU-MAIN LIBRARY (Kitwe)
_H1
_I0.00
_M1
_UAVAILABLE
_WJun 17, 2011
_ZInternational Publications
999 _c45170
_d45170